Indian Subnational Finances : Recent Performance /

The fiscal performance of the States in India has been an area of concern for quite some time. The Twelfth Finance Commission (TFC) recommended a three-pronged strategy to alleviate States' fiscal distress, built around greater orientation toward market discipline, incentives for fiscal consoli...

Descripció completa

Dades bibliogràfiques
Autor principal: Prasad, Ananthakrishnan
Altres autors: Kishore, Adarsh
Format: Revista
Idioma:English
Publicat: Washington, D.C. : International Monetary Fund, 2007.
Col·lecció:IMF Working Papers; Working Paper ; No. 2007/205
Accés en línia:Full text available on IMF
LEADER 01788cas a2200253 a 4500
001 AALejournalIMF009502
008 230101c9999 xx r poo 0 0eng d
020 |c 5.00 USD 
020 |z 9781451867695 
022 |a 1018-5941 
040 |a BD-DhAAL  |c BD-DhAAL 
100 1 |a Prasad, Ananthakrishnan. 
245 1 0 |a Indian Subnational Finances :   |b Recent Performance /  |c Ananthakrishnan Prasad, Adarsh Kishore. 
264 1 |a Washington, D.C. :  |b International Monetary Fund,  |c 2007. 
300 |a 1 online resource (30 pages) 
490 1 |a IMF Working Papers 
500 |a <strong>Off-Campus Access:</strong> No User ID or Password Required 
500 |a <strong>On-Campus Access:</strong> No User ID or Password Required 
506 |a Electronic access restricted to authorized BRAC University faculty, staff and students 
520 3 |a The fiscal performance of the States in India has been an area of concern for quite some time. The Twelfth Finance Commission (TFC) recommended a three-pronged strategy to alleviate States' fiscal distress, built around greater orientation toward market discipline, incentives for fiscal consolidation targets, and commitment to fiscal correction. We find that States have created fiscal space through raising revenues and reducing and reprioritizing expenditures. Looking ahead, expansion of fiscal space is essential to meet the States' large infrastructure and social needs in order to alleviate bottlenecks to growth. This needs to be accomplished without undermining fiscal sustainability. 
538 |a Mode of access: Internet 
700 1 |a Kishore, Adarsh. 
830 0 |a IMF Working Papers; Working Paper ;  |v No. 2007/205 
856 4 0 |z Full text available on IMF  |u http://elibrary.imf.org/view/journals/001/2007/205/001.2007.issue-205-en.xml  |z IMF e-Library